Sagrada Biblia: versión crítica sobre los textos hebreo y griego

I tiakina i:
Ngā taipitopito rārangi puna kōrero
Ngā kaituhi matua: Bover, José María (Author), Cantera Burgos, Francisco (Author)
Hōputu: Pukapuka
Reo:Pāniora
I whakaputaina: Madrid Biblioteca de Autores Cristianos 1947
Putanga:1a. ed
Rangatū:Biblioteca de Autores Cristianos
Ngā marau:
Ngā Tūtohu: Tāpirihia he Tūtohu
Kāore He Tūtohu, Me noho koe te mea tuatahi ki te tūtohu i tēnei pūkete!

MARC

LEADER 00000cam a2200000 a 4500
001 UCE4361
003 CL-VaPUC
008 141023e19470000sp |||||||||||||||||spa|d
082 0 4 |a 220  |b BOV  |2 21 
100 |a Bover, José María  |e author  |9 476510 
700 0 |a Cantera Burgos, Francisco  |e author  |9 576940 
245 1 0 |a Sagrada Biblia: versión crítica sobre los textos hebreo y griego 
250 |a 1a. ed 
300 |a t 
942 |c BK 
945 |d 20141023 15:21:00  |a dcastane 
260 |a Madrid  |b Biblioteca de Autores Cristianos  |c 1947 
500 |a t.1: Génesis a Sabiduría 
500 |a t.2: Eclesiástico a Apocalipsis 
650 0 |a Biblia  |9 257603 
650 0 |a Antiguo testamento   |9 313678 
650 0 |a Nuevo testamento  |9 257604 
583 |a last modification  |c 20141023 15:21:00  |k Rodrigo Vera 
490 0 |a Biblioteca de Autores Cristianos 
999 |c 357356  |d 357354 
952 |0 0  |1 0  |3 erd  |4 0  |6 220_000000000000000_BOV_1947  |7 0  |8 P  |9 465254  |a BIBTEO  |b BIBTES  |c TEO_FTES  |h t.1  |i 511912K  |o 220 BOV 1947  |p 511912K  |r 2024-01-18  |w 2019-11-23  |y BK  |z Catalogado en:20141023  |k ICR 
952 |0 0  |1 0  |3 erd  |4 0  |6 220_000000000000000_BOV_1947  |7 0  |8 P  |9 465255  |a BIBTEO  |b BIBTES  |c TEO_FTES  |h t.2  |i 5119138  |o 220 BOV 1947  |p 5119138  |r 2024-01-18  |w 2019-11-23  |y BK  |z Catalogado en:20141023  |k ICR